<?xml version="1.0" encoding="UTF-8"?>
<collection xmlns="http://www.loc.gov/MARC21/slim">
 <record>
  <leader>     na                 </leader>
  <controlfield tag="001">INLIS000000000005136</controlfield>
  <controlfield tag="005">20221103114612</controlfield>
  <datafield tag="035" ind1=" " ind2=" ">
   <subfield code="a">0010-0520005136</subfield>
  </datafield>
  <controlfield tag="008">221103                |          | ind  </controlfield>
  <datafield tag="020" ind1=" " ind2=" ">
   <subfield code="a">9794140112</subfield>
  </datafield>
  <datafield tag="041" ind1=" " ind2=" ">
   <subfield code="a">ind</subfield>
  </datafield>
  <datafield tag="082" ind1=" " ind2=" ">
   <subfield code="a">346.04</subfield>
  </datafield>
  <datafield tag="084" ind1=" " ind2=" ">
   <subfield code="a">346.04 AGU h</subfield>
  </datafield>
  <datafield tag="100" ind1="0" ind2=" ">
   <subfield code="a">Agus Sardjono</subfield>
  </datafield>
  <datafield tag="245" ind1="1" ind2=" ">
   <subfield code="a">Hak Kekayaan Intelektual dan Pengetahuan Tradisional /</subfield>
   <subfield code="c">Agus Sardjono</subfield>
  </datafield>
  <datafield tag="250" ind1=" " ind2=" ">
   <subfield code="a">Cet. 1</subfield>
  </datafield>
  <datafield tag="260" ind1=" " ind2=" ">
   <subfield code="a">Bandung :</subfield>
   <subfield code="b">Mandar Maju,</subfield>
   <subfield code="c">2006</subfield>
  </datafield>
  <datafield tag="300" ind1=" " ind2=" ">
   <subfield code="a">xvi,362p.; 20,5 cm ;</subfield>
   <subfield code="c">20,5 cm</subfield>
  </datafield>
  <datafield tag="500" ind1=" " ind2=" ">
   <subfield code="a">Indeks : p. 387-390</subfield>
  </datafield>
  <datafield tag="504" ind1=" " ind2=" ">
   <subfield code="a">p. 363-386</subfield>
  </datafield>
  <datafield tag="520" ind1=" " ind2=" ">
   <subfield code="a">Negara-negara maju, seperti Amerika Serikat dan negara-negara Eropa sangat berkepentingan adanya perlindungan Hak Kekayaan Intelektual (HKI) atas produk-produk perdaganghan mereka. Bahkan, produk unggulan Amerika Serikat pada masa kini adalah produk-produk bermuatan HKI, seperti musik/lagu, film, program komputer, produk berteknologi lainnya serta produk obat-obatan (farmasi), yang menyumbangkan devisa terbesar pada pendapatan negara tersebut. Tidak heran jika negara-negara maju berupaya sedimikian rupa agar negara-negara berkembang memberlakukan rezim HKI di negara mereka masing-masing. Upaya tersebut dilakukan melalui 'perundingan' bilateral maupun melalui forum multilateral, seperti GATT (sekarang WTO). Dengan segala kelebihan sumber dana dan tekhnologi, serta 'kekuatan' mereka, upaya itu membawa hasil yang gemilang. Kini HKI menjadi salah satu rezim hukum yang paling seragam yang diberlakukan di hampir seluruh negara-negara didunia melalui kekuatan TRIPs (Trade Related Aspect of Intellectual Property Rights) Agreement. Buku ini akan menguas berbagai aspek dari rezim HKI dengan segala latar belakang filosofi dan kepentingan-kepentingan yang ada di belakangnya, dan mengapa Indonesia harus memberlakukan rezim tersebut. Apakah rezim itu memang di butuhkan di negara seperti Indonesia. Buku ini mengungkap isu tersebut melalui pembahasan perlindungan atas Pengetahuan Tradisional di Indonesia, terutama dibidang obat-obatan tradisional. Bagi para peneliti, buku ini dilengkapi index yang sangat bermanfaat dalam melakukan penelusuran lebih lanjut.</subfield>
  </datafield>
  <datafield tag="650" ind1=" " ind2="4">
   <subfield code="a">Hukum Hak Kekayaan Intelektual</subfield>
  </datafield>
  <datafield tag="990" ind1=" " ind2=" ">
   <subfield code="a">09053/MKRI-P/XI-2008</subfield>
  </datafield>
  <datafield tag="990" ind1=" " ind2=" ">
   <subfield code="a">09052/MKRI-P/XI-2008</subfield>
  </datafield>
  <datafield tag="990" ind1=" " ind2=" ">
   <subfield code="a">09052/MKRI-P/XI-2008</subfield>
  </datafield>
  <datafield tag="990" ind1=" " ind2=" ">
   <subfield code="a">09053/MKRI-P/XI-2008</subfield>
  </datafield>
  <datafield tag="990" ind1=" " ind2=" ">
   <subfield code="a">09053/MKRI-P/XI-2008</subfield>
  </datafield>
  <datafield tag="990" ind1=" " ind2=" ">
   <subfield code="a">09052/MKRI-P/XI-2008</subfield>
  </datafield>
 </record>
</collection>
